00686 2200241 4500001002100000005001700021008004100038020001800079035002400097040001200121082001300133090002000146100001700166245007800183250001100261260003900272300003000311504002900341650001900370700002600389850001200415999001700427YOGYA-0313000000013120130305100650.0 ind  a979-507-311-7 0010-031300000000131 aYOPDYOG a636.9322 a636.9322bDar S aDARTI, Sonya aSukses beternak kelinci /cSonya Darti ; penyunying, Rachmi N. Hamidawati aCet.1. aYogyakartabMitra Gama Widyac2001 ax, 98 hlm.bilus.c20 cm. aBibliografi : hlm. 97-98 aTernak kelinci aHamidawati, Rakhmi N. aYOPDYOG a4334-PD/A.05